NFL Team Owners - Statistics

General Stats
  • This quiz has been taken 192 times
  • The average score is 15 of 32
Answer Stats
Team Owner % Correct
Dallas Cowboys Jerry Jones
90%
New England Patriots Robert Kraft
82%
Las Vegas Raiders Mark Davis
78%
Jacksonville Jaguars Shahid Khan
69%
Detroit Lions Martha Firestone Ford
66%
Indianapolis Colts Jim Irsay
64%
Pittsburgh Steelers Art Rooney
63%
Cincinnati Bengals Mike Brown
63%
Atlanta Falcons Arthur Blank
60%
Washington Redskins Daniel Snyder
59%
Kansas City Chiefs Clark Hunt
56%
Los Angeles Chargers Dean Spanos
56%
New York Giants John Mara; Steve Tisch
55%
New York Jets Christopher Johnson
52%
Los Angeles Rams Stan Kroenke
50%
Seattle Seahawks Paul Allen Trust
46%
Carolina Panthers David Tepper
44%
Philadelphia Eagles Jeffrey Lurie
42%
Cleveland Browns Jimmy Haslam
42%
Green Bay Packers Their Fans
41%
Buffalo Bills Terry and Kim Pegula
40%
Chicago Bears Virginia McCaskey
39%
Tampa Bay Buccaneers Malcolm Glazer
37%
Minnesota Vikings Zygi Wilf
37%
New Orleans Saints Gayle Benson
35%
Houston Texans Janice McNair and D. Cal McNair
35%
Miami Dolphins Stephen Ross
35%
San Francisco 49ers John York
34%
Baltimore Ravens Steve Bisciotti
27%
Arizona Cardinals Michael Bidwill
24%
Tennessee Titans Amy Adams Strunk
16%
Denver Broncos Joe Ellis
5%
No matching quizzes found
Score Distribution
Percent of People with Each Score
Percentile by Number Answered
Your Score History
You have not taken this quiz